[Event "Ostrava Konik op"]
[Site "Ostrava"]
[Date "2014.05.02"]
[Round "7"]
[White "Pinko, Michal"]
[Black "Mikesch, Dalibor"]
[Result "0-1"]
[WhiteElo "1099"]
[BlackElo "1293"]
[PlyCount "58"]
[EventDate "2014.04.26"]
[EventType "swiss"]
[EventRounds "9"]
[EventCountry "CZE"]
[SourceTitle "CBM 160 Extra"]
[Source "ChessBase"]
[SourceDate "2014.07.01"]
[SourceVersion "1"]
[SourceVersionDate "2014.07.01"]
[SourceQuality "1"]

1. e4 c5 2. Nf3 d6 3. Bc4 Nf6 4. Nc3 Nc6 5. Ng5 Ne5 6. Be2 e6 7. 0-0 d5 8. Nf3 Bd6 9. d3 0-0 10. Bf4 Nxf3+ 11. Bxf3 Bxf4 12. exd5 exd5 13. d4 cxd4 14. Qxd4 Qd6 15. Nxd5 Nxd5 16. Bxd5 Be6 17. Rad1 Rfd8 18. c3 Bxd5 19. Rfe1 Bxa2 20. Re4 Qxd4 21. Rdxd4 Rxd4 22. cxd4 Rc8 23. g3 Rc1+ 24. Kg2 Bd5 25. f3 Bxe4 26. fxe4 Be3 27. h3 Bxd4 28. e5 Kf8 29. e6 fxe6 0-1